Statistics for US Map Missing 15 States. (Randomized)

Click here to take the quiz!

General Stats

  • This quiz has been taken 256 times
  • The average score is 14 of 15

Answers on the Map

Answers color-coded by a green-red scale on the quiz's map according to % correct below.
 

Answer Stats

State% Correct
Alaska
100%
Arizona
100%
California
100%
Connecticut
100%
Georgia
100%
Hawaii
100%
Illinois
100%
Kansas
100%
Michigan
100%
Nevada
100%
New Mexico
100%
New York
100%
North Carolina
100%
North Dakota
100%
Ohio
100%
Oklahoma
100%
Oregon
100%
South Carolina
100%
South Dakota
100%
Texas
100%
Utah
100%
Virginia
100%
Washington
100%
West Virginia
100%
Wyoming
100%
Arkansas
95%
Idaho
95%
Mississippi
95%
New Hampshire
95%
New Jersey
95%
Tennessee
95%
Wisconsin
95%
Colorado
94%
Pennsylvania
94%
Rhode Island
94%
Louisiana
93%
Alabama
92%
Florida
92%
Indiana
92%
Maine
92%
Minnesota
92%
Delaware
90%
Iowa
89%
Montana
89%
Kentucky
88%
Missouri
88%
Massachusetts
87%
Vermont
87%
Nebraska
85%
Maryland
73%

Score Distribution

Percentile by Number Answered

Percent of People with Each Score

Your Score History

You have not taken this quiz